| 000 | 00819nam a2200289Ia 4500 | ||
|---|---|---|---|
| 001 | 76628 | ||
| 003 | IT-RoPAU | ||
| 008 | 130308s9999 xx 000 0 und d | ||
| 040 | _aIT-RoPAU | ||
| 040 | _cIT-RoPAU | ||
| 041 | _aITALIANO | ||
| 100 | _aDonati Pierpaolo | ||
| 100 | _gCodice Aut. SPICS: 7150 | ||
| 245 | _aPresentazione critica di un saggio di N. Luhmann sulla famiglia | ||
| 245 | _bNuove Tecnologie, Comunicazione e mondi Vitali | ||
| 250 | _a1a ed. | ||
| 260 | _aMILANO | ||
| 260 | _bAngeli Franco | ||
| 260 | _c1989 [1° Ed.:1989 - Ed.Ling.Originale:1989] | ||
| 300 | _a"12 p. (prefazione: no ; testo: 12 [pagine: 221-232])" | ||
| 650 | _aSOCIOLOGIA DELLA COMUNICAZIONE SOCIALE | ||
| 650 | _eCodice materia Spics: 3806 | ||
| 942 | _cBK | ||
| 957 | _71 | ||
| 999 |
_c44496 _d44496 |
||
| 999 | _bSI | ||
| 999 | _g1 | ||